| 000 | 00764nam a2200229 i 4500 | ||
|---|---|---|---|
| 001 | 78410 | ||
| 003 | ES-MaACL | ||
| 005 | 20240522063035.0 | ||
| 007 | t| | ||
| 008 | 041014s1961 sp ||||1| ger d | ||
| 080 | _a821.112.2-31"18" | ||
| 100 | 1 |
_aHauff, Wilhelm, _d1802-1827 _962083 |
|
| 245 | 1 | 4 |
_aDas kalte Herz = _bCorazón de piedra / _cvon Wilhem Hauff ; [traducción del alemán de María del Carmen Manzanares]. |
| 246 | 3 | _aCorazón de piedra | |
| 260 |
_aMadrid : _bAlhambra, _c[1961] |
||
| 300 |
_a92 p. ; _c18 cm. |
||
| 490 | 1 |
_aTextos bilingües Alhambra ; _v2 |
|
| 700 | 1 |
_aManzanares, María del Carmen. _976202 |
|
| 830 | 1 |
_aTextos bilingües Alhambra ; _v2 _9183591 |
|
| 852 |
_aES-MaACL _jC-20853 |
||
| 999 |
_c78410 _d78410 |
||